000 00981nam a2200277Ia 4500
003 OSt
005 20220923211214.0
006 a|||||r|||| 00| 0
007 ta
008 220922b |||||||| |||| 00| 0 hin d
020 _a9788126317318
_c350
024 _a258,627
037 _b311, 30/06/2011, Vani Prakashan
_cTextual
040 _aARTS
_cARTS
_bhin
041 _2hin
_ahin
082 _aO152,1xN1, J9;P9
100 _aअज्ञेय, संपा.
_9159624
245 0 _aतार सप्तक
246 _aTār saptaka
260 _aनई दिल्ली
_b भारतीय ज्ञानपीठ
_c2009
490 _aलोकोदय ग्रन्थमाला; 226
650 _a हिन्दी कविता
650 _aहिन्दी साहित्य
_9156264
942 _hO152,1xN1, J9;P9
_cTEXL
_2CC
999 _c296832
_d296832